Pokémon - Les attaques de Aéromite - Statistiques

Statistiques générales
  • Ce quiz a été pris 42 fois
  • Le résultat moyen est 11 sur 18
Statistiques - réponses
Niveaux Types Noms des attaques % Correct
Niveau 11 Psy Choc Mental
90%
Départ Normal Charge
86%
Départ Niveau 63 Insecte Papillodanse
86%
Niveau 23 Plante Para-Spore
86%
Niveau 29 Plante Poudre Dodo
86%
Niveau 13 Poison Poudre Toxik
86%
Niveau 55 Psy Psyko
86%
Niveau 17 Psy Rafale Psy
86%
Départ Niveau 59 Insecte Bourdon
81%
Départ Évolution Vol Tornade
76%
Niveau 37 Insecte Vampirisme
57%
Niveau 25 Insecte Rayon Signal
38%
Départ Insecte Vent Argenté
38%
Départ Niveau 5 Normal Ultrason
19%
Départ Normal Clairvoyance
14%
Niveau 47 Poison Crochet Venin
14%
Départ Normal Entrave
14%
Niveau 41 Psy Psykoud'Boul
14%
Aucun quiz correspondant
Distribution des résultats
% des personnes avec chaque résultat
Percentile par nombre de réponses
Votre historique - résultats
Vous n’avez pas pris ce quiz